Financial conditions and macroeconomic performance : (Record no. 6814)

MARC details
000 -LEADER
fixed length control field 01405pam a2200337 a 4500
001 - CONTROL NUMBER
control field 2504336
003 - CONTROL NUMBER IDENTIFIER
control field OSt
005 - DATE AND TIME OF LATEST TRANSACTION
control field 20210311122021.0
008 - FIXED-LENGTH DATA ELEMENTS--GENERAL INFORMATION
fixed length control field 920601s1992 nyua b 111 0 eng
010 ## - LIBRARY OF CONGRESS CONTROL NUMBER
LC control number 92020961
020 ## - INTERNATIONAL STANDARD BOOK NUMBER
International Standard Book Number 1563240165 (alk. paper)
020 ## - INTERNATIONAL STANDARD BOOK NUMBER
International Standard Book Number 1563240173 (pbk. : alk. paper)
040 ## - CATALOGING SOURCE
Original cataloging agency DLC
Transcribing agency DDC
Modifying agency DLC
050 00 - LIBRARY OF CONGRESS CALL NUMBER
Classification number HG63
Item number .F55 1992
082 00 - DEWEY DECIMAL CLASSIFICATION NUMBER
Classification number 332.FIN.1984
245 00 - TITLE STATEMENT
Title Financial conditions and macroeconomic performance :
Remainder of title essays in honor of Hyman P. Minsky /
Statement of responsibility, etc. Steven Fazzari and Dimitri B. Papadimitriou, editors.
260 ## - PUBLICATION, DISTRIBUTION, ETC. (IMPRINT)
Place of publication, distribution, etc. Armonk, N.Y. :
Name of publisher, distributor, etc. M.E. Sharpe,
Date of publication, distribution, etc. 1984
300 ## - PHYSICAL DESCRIPTION
Extent xi, 195 p. :
Other physical details ill. ;
Dimensions 24 cm.
500 ## - GENERAL NOTE
General note Based on papers presented at a conference honoring Minsky held at Washington University, St. Louis, Missouri.
504 ## - BIBLIOGRAPHY, ETC. NOTE
Bibliography, etc Includes bibliographical references and index.
600 10 - SUBJECT ADDED ENTRY--PERSONAL NAME
Personal name Minsky, Hyman P.
General subdivision Congresses.
9 (RLIN) 13955
650 #0 - SUBJECT ADDED ENTRY--TOPICAL TERM
Topical term or geographic name as entry element Finance
General subdivision Congresses.
9 (RLIN) 13956
650 #0 - SUBJECT ADDED ENTRY--TOPICAL TERM
Topical term or geographic name as entry element Macroeconomics
General subdivision Congresses.
9 (RLIN) 13957
650 #0 - SUBJECT ADDED ENTRY--TOPICAL TERM
Topical term or geographic name as entry element Business cycles
General subdivision Congresses.
9 (RLIN) 13958
700 1# - ADDED ENTRY--PERSONAL NAME
Personal name Minsky, Hyman P.
9 (RLIN) 13959
700 1# - ADDED ENTRY--PERSONAL NAME
Personal name Fazzari, Steven M.
9 (RLIN) 13960
700 1# - ADDED ENTRY--PERSONAL NAME
Personal name Papadimitriou, Dimitri B.
9 (RLIN) 13961
906 ## - LOCAL DATA ELEMENT F, LDF (RLIN)
a 7
b cbc
c orignew
d 1
e ocip
f 19
g y-gencatlg
942 ## - ADDED ENTRY ELEMENTS (KOHA)
Source of classification or shelving scheme Dewey Decimal Classification
Koha item type Open Shelf
Holdings
Withdrawn status Lost status Source of classification or shelving scheme Damaged status Not for loan Home library Current library Date acquired Source of acquisition Inventory number Total Checkouts Full call number Barcode Date last seen Price effective from Koha item type
    Dewey Decimal Classification     MUST Main Library MUST Main Library 11/03/2021 Donation 2000/14301   332.FIN.1984 2021-0261 11/03/2021 11/03/2021 Open Shelf